Geography Quiz

Random Geography or World Quiz

2-Word Countries in 2 Minutes Quiz Stats

 Plays Quiz Updated Jan 27, 2018

Challenge
Share
Tweet
Embed
Score 0/21 Timer 02:00
0 Plays Today
% Correct
South Korea
83.4%
North Korea
82.3%
New Zealand
72.5%
South Africa
72.3%
United Kingdom
71.7%
South Sudan
58.9%
Dominican Republic
58.5%
El Salvador
53.4%
San Marino
49.8%
Vatican City
49.1%
Costa Rica
48.7%
% Correct
Saudi Arabia
48.2%
Saint Lucia
46.4%
Sri Lanka
43.8%
Marshall Islands
42.7%
Burkina Faso
42.4%
Equatorial Guinea
41.3%
United States
40.7%
Solomon Islands
40.4%
Cabo Verde
39.2%
Sierra Leone
32%

You're not logged in!

Compare scores with friends on all Sporcle quizzes.
OR
Log In

You Might Also Like...

Show Comments

Extras

Top Quizzes Today


Score Distribution

Your Account Isn't Verified!

In order to create a playlist on Sporcle, you need to verify the email address you used during registration. Go to your Sporcle Settings to finish the process.

Report this User

Report this user for behavior that violates our Community Guidelines.

Details: